00481nam a2200133Ia 4500008004100000020001800041082001700059245007500076260004500151300001100196500002700207650007800234700003500312120622s9999 xx 000 0 und d a968-6402-00-4 a330.972 E19e aLa economía mexicana y sus empresarios / comp. Javier Elguea Solís aMéxico : Universidad Anáhuac del Sur a188 p. aIncluye bibliografía a1. MEXICO - CONDICIONES ECONOMICAS \ 2. EMPRESARIOS INDUSTRIALES - MEXICO aElguea Solis, Javier, comp.Ì